České banky podle výročních zpráv. 2

Analýza stavu bankovej sústavy v ČR podľa výročných správ komerčných bánk k 31.12.1994. Pomerné medziročné koeficienty zmeny položiek bankových bilancií z konca r.1993 ku koncu r.1994. Kapitál bankový, objem vkladov a úverov bánk, kapitálové účasti, cenné papiere a iné ukazovatele jednotlivých komer...

Descrizione completa

Salvato in:
Dettagli Bibliografici
Autore principale: Machala, Karel
Natura: Capitolo di libro
Lingua:ceco
Soggetti:
Tags: Aggiungi Tag
Nessun Tag, puoi essere il primo ad aggiungerne!!

MARC

LEADER 00000naa a2200000 4500
001 r018942
005 20221205102822.6
041 0 |a cze 
044 |a CZ 
245 1 0 |a České banky podle výročních zpráv. 2  |c K. Machala 
520 |a Analýza stavu bankovej sústavy v ČR podľa výročných správ komerčných bánk k 31.12.1994. Pomerné medziročné koeficienty zmeny položiek bankových bilancií z konca r.1993 ku koncu r.1994. Kapitál bankový, objem vkladov a úverov bánk, kapitálové účasti, cenné papiere a iné ukazovatele jednotlivých komerčných bánk. 
610 2 0 |a banky 
610 2 0 |a bankovníctvo 
610 2 0 |a sústava banková 
610 2 0 |a ukazovatele finančné 
610 2 0 |a správy výročné 
610 2 0 |a vklady 
610 2 0 |a papiere cenné 
610 2 0 |a kapitál základný 
610 2 0 |a Česko 
610 2 0 |a 1993-1994 
100 1 |a Machala, Karel